000 00749nam a2200241Ia 4500
005 20260430150556.0
008 008 250103s9999 xx 000 0 eng d
037 _aTheses
040 _aCRL
040 _beng
040 _ceng
041 _2eng
041 _aeng
084 _qCRL
100 _aNegi Geeta Au.; Sharma Lalit Gu.
_91237897
245 0 _aDevelopment of Structural Equation Modeling for Selected Precursors as Mediating Effect on Sports Performance Among Volleyball Players
260 _c2024
300 _a279p.
650 _aSports
700 _aUniversity of Delhi. Faculty of Inter-Disciplinary&Applied Science. Deptt. of Physical Education & Sports Science
_91237898
942 _cTH
999 _c1850117
_d1850117